000 00750nam a2200229Ia 4500
003 GCL
008 140319s9999 xx 000 0 ara d
040 _aGCL /
_cGCL
082 0 4 _aد
_b050
_bاا
100 1 _aالشيخ ابراهيم اليازجى
245 1 0 _aالطبيب :مجلة طبية علمية صناعية /
_cالشيخ ابراهيم اليازجى
700 1 _aخليل سعادة
700 1 _aبشارة زلزل
260 _a[S.N] :
_bالشيخ ابراهيم اليازجى و الدكتور بشارة زل
300 _a20
490 _aروايات عالمية للاطفال
_v0
650 0 4 _aالطب
650 0 4 _aالعلوم
650 0 4 _aالصناعات
650 0 4 _aالصناعة
942 _2ddc
_cCF
999 _c27063
_d27063